Normal view MARC view
  • Centro Promozione e Formazione

Entry Personal Name

Number of records used in: 1

001 - CONTROL NUMBER

  • control field: 614

003 - CONTROL NUMBER IDENTIFIER

  • control field: IT-RoPau

005 - DATE AND TIME OF LATEST TRANSACTION

  • control field: 20130529095550.0

008 - FIXED-LENGTH DATA ELEMENTS

  • fixed length control field: 130529|| aca||aabn | a|a d

040 ## - CATALOGING SOURCE

  • Original cataloging agency: IT-RoPau
  • Transcribing agency: IT-RoPau

100 ## - HEADING--PERSONAL NAME

  • Personal name: Centro Promozione e Formazione

670 ## - SOURCE DATA FOUND

  • Source citation: Work cat.: (IT-RoPau): Centro Promozione e Formazione, In cammino - Liturgia per la consegna delle Costituzioni, 1984
CREDITS: SOCIETA' SAN PAOLO Via A.Severo, 58 - ROMA (RM) & PERIODICI SAN PAOLO SRL Via Giotto, 36 MILANO & CISF Via Giotto, 36 MILANO & EDIZIONI SAN PAOLO SRL,  Piazza Soncino, 5 CINISELLO BALSAMO (MI) -- ITALY